East Asia : (Record no. 14298)

000 -LEADER
fixed length control field 00525cam a2200181 a 4500
020 ## - INTERNATIONAL STANDARD BOOK NUMBER
ISBN 0821342991 (alk. paper)
040 ## - CATALOGING SOURCE
Transcribing agency DLC
082 00 - DEWEY DECIMAL CLASSIFICATION NUMBER
Classification number 332 WOR 1998 A065 Or.
245 00 - TITLE STATEMENT
Title East Asia :
Remainder of title the road to recovery.
260 ## - PUBLICATION, DISTRIBUTION, ETC. (IMPRINT)
Place of publication Washington, DC :
Name of publisher World Bank,
Year of publication 1998.
300 ## - PHYSICAL DESCRIPTION
Number of Pages xvi, 138 p. :
Other physical details ill. ;
Dimensions 28 cm.
650 #0 - SUBJECT ADDED ENTRY--TOPICAL TERM
Topical Term Finance
650 #0 - SUBJECT ADDED ENTRY--TOPICAL TERM
Topical Term Financial institutions
650 #0 - SUBJECT ADDED ENTRY--TOPICAL TERM
Topical Term Currency question
710 2# - ADDED ENTRY--CORPORATE NAME
Corporate name or jurisdiction name as entry element World Bank.
856 42 - ELECTRONIC LOCATION AND ACCESS
Uniform Resource Identifier http://www.loc.gov/catdir/enhancements/fy0638/98045140-d.html
942 ## - ADDED ENTRY ELEMENTS (KOHA)
Koha item type សៀវភៅភាសាអង់គ្លេស
952 ## - LOCATION AND ITEM INFORMATION (KOHA)
Withdrawn status [LOCAL, KOHA] 0
Holdings
Permanent Location Date acquired Koha item type Lost status Shelving location Barcode Current Location Full call number
Library Block A2017-10-12សៀវភៅភាសាអង់គ្លេស A065A21798Library Block A332 WOR 1998 A065 Or.
មជ្ឈមណ្ឌលឯការនៃសាកលវិទ្យាល័យភូមិន្ទកសិកម្មចំការដូង

Powered by Koha